| 000 | 02929nam a2200505Ia 4500 | ||
|---|---|---|---|
| 001 | dia_3795 | ||
| 003 | CHAP | ||
| 005 | 20251029184305.0 | ||
| 007 | ta | ||
| 008 | 220117s2007 mx abdofr 001 0 spa d | ||
| 040 |
_cCHAP _amxchpua |
||
| 090 |
_aT.C.435 _bB84 IA _c2007 |
||
| 245 | 1 | 0 |
_aReporte final del viaje de estudios realizado en los estados de Querétaro, Guanajuato, Aguascalientes, San Luis Potosí e Hidalgo / _ccoordinadora María Ofelia Buendía González ; colaboradores Alan Roberto Alonso Garrido...[et al.] |
| 260 |
_aMéxico : _bEl autor, _c2007 |
||
| 300 |
_a165 hojas : _bilustraciones, mapas, gráficas, diagramas, tablas, fotos |
||
| 336 |
_2rdacontent _atexto _btxt |
||
| 337 |
_2rdamedia _asin medio _bn |
||
| 338 |
_2rdacarrier _avolumen _bnc |
||
| 500 | _a4° año Grupo 3 Directorio: hojas 162-165 | ||
| 502 |
_aViaje de Estudios _b(IA) -- _cUACh. Departamento de Ingeniería Agroindustrial, _d2007 |
||
| 505 | _tEmpresas visitadas: -- 1. Cava Freixenet de México (Vinos) -- 2. Cristalita, S. A. de C. V. -- 3. Cremería y Quesería Aguascalientes -- 4. Panificadora Trico, S. A. de C. V. -- 5. Empacadora de carnes UGASA -- 6. Tenería Cruz -- 7. Productos Selectos Belén -- 8. Gamesa - Quaker, S. A. de C. V. -- 9. Rastro de aves -- 10. COVEMEX, S. A. de C. V. -- . 11. Azteca del Bajio, S. A. de C. V. -- 12. Deshidratadora Trejo Pérez Hermanos -- 13. Fábrica de Cajeta, La Reyna -- 14. CIA. Cervecera de Zacatecas, S. A. de C. V. -- 15. Semillas Berentsen -- 16. Harinera Queretana, S. A. de C. V. -- 17. Congeladora Niño, S. A. de C. V. -- 18. FRUSEC Frutas selectas de Calvillo, S. A. de C.V . -- 19. Alimentos balanceados CONCENTRA -- 20. BIMBO, S.A. de C. V. -- 21. Galleta típica potosina -- 22. Sta Clara -- 23. Fábricas de Exquitla, S. A. de C. V. (Sidra el POMAR) | ||
| 650 | 1 | 0 |
_aIndustria agrícola _zMéxico _9148371 |
| 650 | 1 | 0 |
_aIndustria de los alimentos _zMéxico _9151398 |
| 650 | 1 | 0 |
_aIndustria del ganado y de la carne _zMéxico _9147829 |
| 650 | 1 | 0 |
_aIndustria del vino _zMéxico _9149529 |
| 650 | 1 | 0 |
_aIndustria molinera _zMéxico _9155367 |
| 650 | 1 | 0 |
_aIndustria panadera _zMéxico _9155368 |
| 650 | 1 | 0 |
_aIndustria quesera _zMéxico _9155201 |
| 650 | 1 | 3 |
_aAgricultural industry _zMexico |
| 650 | 1 | 3 |
_aBakery industry _9155366 _zMexico |
| 650 | 1 | 0 |
_aFood industry _zMexico _9151397 |
| 650 | 1 | 3 |
_aLivestock and meat industry _9155369 _zMexico |
| 650 | 1 | 0 |
_aCheese industry _9154162 _zMexico |
| 650 | 1 | 0 |
_aMilling industry _zMexico _9155370 |
| 650 | 1 | 3 |
_aWine industry _9150302 _zMexico |
| 700 | 1 |
_aBuendía González, María Ofelia _9150532 _ecoordinador |
|
| 700 |
_aAlonso Garrido, Alan Roberto _9155371 _ecolaborador |
||
| 901 | _aT.C.435 B84 IA 2007 | ||
| 902 | _aM | ||
| 905 | _a5232272007 mx dbma8223123322spa16 | ||
| 942 | _2local | ||
| 942 | _cVE | ||
| 999 |
_c174387 _d174387 |
||